000 00378nam a2200157Ia 4500
003 GCL
008 140319s9999 xx 000 0 eng d
040 _aGCL /
_cGCL
082 0 4 _a720
_bT P
100 1 _aTOY, MAGGIE
245 1 0 _aTHE PERIPHERY /
_cTOY, MAGGIE
260 _a[S.N] :
_bACADEMY EDITIONS ،
_c1994
300 _a96 P
650 0 4 _aARCHITECTURE
942 _2ddc
_cBK
999 _c11337
_d11337